TEXTBOOK OF ENGINEERING MECHANICS (SI UNITS) (Record no. 294688)

000 -LEADER
fixed length control field 00313 a2200121 4500
001 - CONTROL NUMBER
control field 59615
082 ## - DEWEY DECIMAL CLASSIFICATION NUMBER
Classification number 531.2 KHU
090 ## - LOCALLY ASSIGNED LC-TYPE CALL NUMBER (OCLC); LOCAL CALL NUMBER (RLIN)
-- 36487
-- 36487
100 ## - MAIN ENTRY--PERSONAL NAME
Personal name Khurmi R S
245 ## - TITLE STATEMENT
Title TEXTBOOK OF ENGINEERING MECHANICS (SI UNITS)
Remainder of title revised edition
260 ## - PUBLICATION, DISTRIBUTION, ETC.
Place of publication, distribution, etc. NEW DELHI
Name of publisher, distributor, etc. CHAND &COMP
Date of publication, distribution, etc. 2007
300 ## - PHYSICAL DESCRIPTION
Extent xii, 771 p.
942 ## - ADDED ENTRY ELEMENTS (KOHA)
Institution code [OBSOLETE] NUST-CAE
Call number prefix 531.2 KHU
Holdings
Withdrawn status Lost status Damaged status Not for loan Collection code Permanent Location Current Location Date acquired Total Checkouts Full call number Barcode Date last seen Price effective from Koha item type
          College of Aeronautical Engineering (CAE) College of Aeronautical Engineering (CAE) 04/03/2017   531.2 KHU CAE81099 04/05/2017 04/05/2017 Book
© 2023 Central Library, National University of Sciences and Technology. All Rights Reserved.